000 01575nam a22003977a 4500
003 CHAP
005 20220329143744.0
008 110614s2011 mx r 00010 spa d
010 _a101490
011 _a102462
035 _a113150
040 _cCHAP
090 _aTesis
100 1 _aCruz Maya, María Edith.
_929501
245 1 0 _aAnálisis filogenético de los subgéneros Persea y Eriodaphne (Persea; Lauraceae) mediante secuencias de ADN nuclear, mitocondrial y de cloroplasto
_h[En línea]
_c/por María Edith Cruz Maya
260 _aChapingo, Méx. :
_bEl autor,
_c2011
500 _aPara ver el contenido del material haga clic en la liga
502 _aTesis (M.C. en Biotecnología Agrícola) -- UACH. Departamento de Fitotecnia
590 _aALEPH
_b10
_c20130110
_lUCH01
_h1541
590 _aBATCH-UPD
_b10
_c20130110
_lUCH01
_h1018
590 _aBATCH-UPD
_b10
_c20130410
_lUCH01
_h0624
590 _aBATCH-UPD
_b10
_c20130913
_lUCH01
_h2308
590 _aBATCH-UPD
_b10
_c20140324
_lUCH01
_h1525
590 _aBATCH-UPD
_b10
_c20141002
_lUCH01
_h0849
590 _aCONVERSION
_b10
_c20130109
_lUCH01
_h1356
650 1 4 _aAguacate.
_92490
650 1 4 _aCloroplastos.
_923901
650 1 4 _aEriodaphne.
_937317
650 1 4 _aFilogenia (Botánica)
_940884
650 1 4 _aMitocondria.
_976247
856 _3Finding aid
_uhttp://10.13.5.2/tesis/113150.pdf
_zTeclea aqui
901 _aBK
942 _cFOLL
949 _aTesis
_bBC
_cTES
_d33724002250347
_eTS1
_gDonaciØn
_h52412
_i113150
_st
949 _aTesis
_bBC
_cTES
_d33724002250389
_eTS2
_fc.2
_gDonaciØn
_h52413
_i113150
_st
999 _c101490
_d101490